[Event "Gatineau Special Hiver Rotation-2"]
[Site "Gatineau"]
[Date "2018.03.01"]
[Round "3"]
[White "Bourbonnais, Luc"]
[Black "Legare, Gilles"]
[Result "1-0"]
[WhiteElo "1309"]
[BlackElo "1060"]
[PlyCount "63"]
[EventDate "2018.02.06"]
[EventType "tourn"]
[EventRounds "5"]
[EventCountry "CAN"]
[SourceTitle "EXT 2022"]
[Source "ChessBase"]
[SourceDate "2021.10.06"]
[SourceVersion "1"]
[SourceVersionDate "2021.10.06"]
[SourceQuality "1"]

1. e4 c5 2. Nf3 Nc6 3. g3 d6 4. d3 Bg4 5. Bg2 e5 6. 0-0 Qc8 7. Nc3 Nd4 8. Nd5 Be7 9. c3 Nc6 10. Qa4 Bd7 11. Qc2 Nf6 12. Ne3 0-0 13. Nh4 Bh3 14. Bd2 Bxg2 15. Kxg2 Ng4 16. Nf3 Qd8 17. Nxg4 h5 18. Ne3 h4 19. Nd5 Bf6 20. Nxf6+ Qxf6 21. Bg5 h3+ 22. Kxh3 Qxf3 23. Qd1 Qxd1 24. Raxd1 f6 25. Be3 Kf7 26. Kg2 Rh8 27. h4 b6 28. Rh1 Ne7 29. d4 Ke6 30. dxe5 fxe5 31. f4 Ng6 32. f5+ 1-0

[Event "Gatineau Special Hiver Rotation-2"]
[Site "Gatineau"]
[Date "2018.02.27"]
[Round "4"]
[White "Legare, Gilles"]
[Black "Lepine, Louis"]
[Result "1-0"]
[WhiteElo "1060"]
[BlackElo "1066"]
[PlyCount "95"]
[EventDate "2018.02.06"]
[EventType "tourn"]
[EventRounds "5"]
[EventCountry "CAN"]
[SourceTitle "EXT 2022"]
[Source "ChessBase"]
[SourceDate "2021.10.06"]
[SourceVersion "1"]
[SourceVersionDate "2021.10.06"]
[SourceQuality "1"]

1. e4 e5 2. Nf3 Nc6 3. Nc3 Bc5 4. Bc4 h6 5. 0-0 Nf6 6. a3 0-0 7. b4 Bb6 8. b5 Na5 9. Ba2 d6 10. d3 c5 11. Nd5 a6 12. a4 Bd7 13. c4 Nxd5 14. cxd5 axb5 15. axb5 Bxb5 16. Qc2 Qf6 17. Be3 Bd7 18. Qb2 Ra6 19. Kh1 Bd8 20. Bc4 Rb6 21. Qa3 Rb4 22. Qc3 b6 23. Qe1 b5 24. Bd2 Ra4 25. Rxa4 bxa4 26. Bxa5 Bh3 27. Ng1 Bg4 28. f3 Bd7 29. Bxd8 Rxd8 30. Qa5 g5 31. Qe1 Qg7 32. Qa5 Qf8 33. Ne2 f5 34. Ng3 f4 35. Nf5 Ra8 36. Nxh6+ Kh7 37. Qc7 Qxh6 38. Qxd7+ Qg7 39. Qxd6 Rh8 40. Qxc5 Qf6 41. d6 Kg6 42. d7 g4 43. Qd5 g3 44. h3 Rd8 45. Ra1 Qe7 46. Qe6+ Qxe6 47. Bxe6 Kf6 48. Bf5 1-0

[Event "Gatineau Automne"]
[Site "Gatineau"]
[Date "2017.11.21"]
[Round "4"]
[White "Legare, Gilles"]
[Black "Labrie, Dany"]
[Result "0-1"]
[WhiteElo "1098"]
[BlackElo "1127"]
[PlyCount "96"]
[EventDate "2017.10.31"]
[EventType "swiss"]
[EventRounds "5"]
[EventCountry "CAN"]
[SourceTitle "EXT 2022"]
[Source "ChessBase"]
[SourceDate "2021.10.06"]
[SourceVersion "1"]
[SourceVersionDate "2021.10.06"]
[SourceQuality "1"]

1. e4 d6 2. Nf3 g6 3. d3 Bg7 4. Nc3 Nf6 5. Bf4 0-0 6. Be2 a6 7. 0-0 c5 8. Re1 Nc6 9. Bf1 Re8 10. a3 b5 11. Bd2 Bd7 12. b4 Qb6 13. Rb1 Nd4 14. Kh1 e5 15. Be3 a5 16. Nd5 Nxd5 17. exd5 axb4 18. axb4 Ra2 19. Nxd4 cxd4 20. Bg5 Rc8 21. Re2 Qa7 22. Kg1 Qa4 23. Be7 Rcxc2 24. Qe1 Bf5 25. Rxc2 Qxc2 26. Rc1 Qb3 27. Qd1 Qxb4 28. Rc2 Ra3 29. Qc1 Rc3 30. Bg5 Qc5 31. Rxc3 dxc3 32. Be3 Qb4 33. Bh6 Qb2 34. Qg5 f6 35. Qe3 g5 36. Bxg7 Kxg7 37. Qa7+ Kg6 38. Qa8 c2 39. Qg8+ Kh6 40. Qf8+ Kh5 41. g4+ Bxg4 42. Qf7+ Kh4 43. Qxh7+ Bh5 44. Qe4+ g4 45. Qe3 c1Q 46. Qg3+ Kg5 47. h4+ Kf5 48. Kg2 Qbb1 0-1

[Event "Gatineau Automne"]
[Site "Gatineau"]
[Date "2017.11.07"]
[Round "2"]
[White "Arcand, Pierre"]
[Black "Legare, Gilles"]
[Result "1-0"]
[WhiteElo "1257"]
[BlackElo "1098"]
[PlyCount "53"]
[EventDate "2017.10.31"]
[EventType "swiss"]
[EventRounds "5"]
[EventCountry "CAN"]
[SourceTitle "EXT 2022"]
[Source "ChessBase"]
[SourceDate "2021.10.06"]
[SourceVersion "1"]
[SourceVersionDate "2021.10.06"]
[SourceQuality "1"]

1. e4 c5 2. Nf3 Nc6 3. Bc4 e6 4. 0-0 d6 5. d4 Bd7 6. d5 Ne5 7. Nxe5 dxe5 8. dxe6 Bxe6 9. Bb5+ Ke7 10. Nc3 Nf6 11. Be3 b6 12. Qd2 Qc7 13. Rad1 Rd8 14. Qe2 Bd7 15. Rd2 Ke8 16. Rfd1 Be7 17. Bg5 Kf8 18. Bxf6 Bxf6 19. Rxd7 Qb8 20. Rxd8+ Bxd8 21. Rd7 g6 22. Qf3 f6 23. Qd3 Be7 24. Nd5 Bd6 25. Nxf6 Be7 26. Nd5 Bd6 27. Qf3+ 1-0

[Event "Gatineau Automne"]
[Site "Gatineau"]
[Date "2017.10.31"]
[Round "1"]
[White "Berthiaume, Serge"]
[Black "Legare, Gilles"]
[Result "1-0"]
[WhiteElo "1431"]
[BlackElo "1098"]
[PlyCount "71"]
[EventDate "2017.10.31"]
[EventType "swiss"]
[EventRounds "5"]
[EventCountry "CAN"]
[SourceTitle "EXT 2022"]
[Source "ChessBase"]
[SourceDate "2021.10.06"]
[SourceVersion "1"]
[SourceVersionDate "2021.10.06"]
[SourceQuality "1"]

1. e4 c5 2. Nf3 Nc6 3. Bc4 e6 4. 0-0 Be7 5. d4 Nf6 6. d5 Na5 7. d6 Nxc4 8. dxe7 Qxe7 9. e5 Ng4 10. Re1 0-0 11. h3 Nh6 12. Qd3 Nb6 13. Bxh6 gxh6 14. Nbd2 Nd5 15. Re4 f5 16. exf6 Nxf6 17. Re2 Kh8 18. Ne4 Nh5 19. Qc3+ Qg7 20. Qxg7+ Nxg7 21. Nd6 b6 22. Ne5 Kg8 23. g4 Ne8 24. Nxc8 Rxc8 25. Nxd7 Rf7 26. Ne5 Rg7 27. Rd1 Nf6 28. Red2 Nd5 29. c4 Rg5 30. Nf3 Rg7 31. cxd5 h5 32. Ne5 Rg5 33. f4 Rg7 34. dxe6 Kh8 35. Nf7+ Kg8 36. Rd8+ 1-0

[Event "Gatineau Rentree-B"]
[Site "Gatineau"]
[Date "2017.09.12"]
[Round "1"]
[White "Ethier, Valori"]
[Black "Legare, Gilles"]
[Result "1-0"]
[WhiteElo "1380"]
[BlackElo "1125"]
[PlyCount "117"]
[EventDate "2017.09.12"]
[EventType "swiss"]
[EventRounds "6"]
[EventCountry "CAN"]
[SourceTitle "EXT 2022"]
[Source "ChessBase"]
[SourceDate "2021.10.06"]
[SourceVersion "1"]
[SourceVersionDate "2021.10.06"]
[SourceQuality "1"]

1. f4 Nc6 2. Nf3 e6 3. b3 Be7 4. Bb2 Nf6 5. e3 d6 6. Bb5 a6 7. Bxc6+ bxc6 8. c4 c5 9. 0-0 Bb7 10. Nc3 Qd7 11. Qe2 Bxf3 12. Qxf3 0-0 13. Rf2 Rab8 14. Raf1 c6 15. Qd1 d5 16. d3 d4 17. exd4 cxd4 18. Ne4 c5 19. Nxf6+ Bxf6 20. g3 Rb6 21. Qh5 Qd6 22. Ba3 Rc6 23. Bc1 a5 24. Qd1 Ra6 25. Qf3 a4 26. bxa4 Rxa4 27. Rb2 Rb4 28. Rxb4 cxb4 29. Bd2 g6 30. Rb1 Rb8 31. Qd1 e5 32. fxe5 Bxe5 33. Qe1 f5 34. Bxb4 Rxb4 35. Rxb4 f4 36. gxf4 Bf6 37. Qe8+ Kg7 38. Rb7+ Kh6 39. Qd7 Qxf4 40. Qxh7+ Kg5 41. Rb5+ Be5 42. Qe7+ Kf5 43. Qf7+ Kg4 44. Qe6+ Kf3 45. Qd5+ Ke2 46. Qxe5+ Qe3+ 47. Qxe3+ dxe3 48. Rb8 g5 49. c5 Kd1 50. Re8 Ke2 51. c6 Kd2 52. c7 g4 53. c8Q e2 54. Kf2 e1R 55. Rxe1 Kxd3 56. Qxg4 Kc3 57. Qa4 Kd2 58. Rd1+ Kc3 59. Qb3# 1-0

[Event "Gatineau Printemps-B"]
[Site "Gatineau"]
[Date "2017.04.04"]
[Round "3"]
[White "Simard, Paul"]
[Black "Legare, Gilles"]
[Result "1-0"]
[WhiteElo "1224"]
[BlackElo "1058"]
[PlyCount "93"]
[EventDate "2017.03.21"]
[EventType "swiss"]
[EventRounds "4"]
[EventCountry "CAN"]
[SourceTitle "EXT 2022"]
[Source "ChessBase"]
[SourceDate "2021.10.06"]
[SourceVersion "1"]
[SourceVersionDate "2021.10.06"]
[SourceQuality "1"]

1. e4 c5 2. c3 Nc6 3. d4 cxd4 4. cxd4 e6 5. Nf3 Nf6 6. Nbd2 Bb4 7. Bd3 d5 8. e5 Nh5 9. a3 Nf4 10. 0-0 Nxd3 11. axb4 Ndxb4 12. Nb3 Qc7 13. Nc5 Bd7 14. Nd3 0-0-0 15. Ng5 Be8 16. Qd2 Nxd3 17. Qxd3 h6 18. Nf3 h5 19. h3 Bd7 20. Bf4 Kb8 21. Nd2 Qb6 22. Qc3 Nxd4 23. Rfe1 Rc8 24. Qe3 Bb5 25. Nb3 Nxb3 26. Qxb3 Rc4 27. Be3 d4 28. Bd2 Rhc8 29. Ra5 a6 30. Raa1 Qa7 31. Qf3 Rc2 32. Bc1 d3 33. Be3 Qa8 34. Red1 Rxb2 35. Qxf7 Re2 36. Bb6 Rec2 37. Be3 Re2 38. Bd4 a5 39. Qxe6 d2 40. Qd6+ Rc7 41. Qf8+ Rc8 42. Qd6+ Rc7 43. Qf8+ Rc8 44. Qd6+ Rc7 45. Bb6 Qa6 46. Qxc7+ Ka8 47. Qc8# 1-0

[Event "Gatineau Hiver-B"]
[Site "Gatineau"]
[Date "2017.02.07"]
[Round "2"]
[White "Legare, Gilles"]
[Black "Raymond, Robert"]
[Result "0-1"]
[WhiteElo "1043"]
[BlackElo "1298"]
[PlyCount "128"]
[EventDate "2017.01.31"]
[EventType "swiss"]
[EventRounds "4"]
[EventCountry "CAN"]
[SourceTitle "EXT 2022"]
[Source "ChessBase"]
[SourceDate "2021.10.06"]
[SourceVersion "1"]
[SourceVersionDate "2021.10.06"]
[SourceQuality "1"]

1. e4 e5 2. Nc3 Nf6 3. Nf3 Nc6 4. a3 d6 5. d3 Be7 6. Be2 0-0 7. Be3 Be6 8. Qd2 a6 9. Nd5 Bxd5 10. exd5 Nxd5 11. c4 Nxe3 12. fxe3 f5 13. g3 f4 14. exf4 exf4 15. d4 Bg5 16. Qd3 Bh6 17. g4 g6 18. h4 Qe7 19. 0-0-0 Qe3+ 20. Qd2 Bg7 21. Qxe3 fxe3 22. h5 Rf4 23. g5 Bxd4 24. hxg6 hxg6 25. Rh6 Kg7 26. Rh4 Raf8 27. Kb1 Be5 28. Rxf4 Bxf4 29. c5 dxc5 30. Rh1 Rh8 31. Rd1 Rd8 32. Rc1 Rd5 33. Rh1 Nd4 34. Bc4 Rd6 35. Rf1 b5 36. Bd3 c4 37. Be4 Nxf3 38. Bxf3 Bxg5 39. Rg1 Bf4 40. Ka2 g5 41. Rc1 e2 42. Re1 c3 43. Rxe2 Rd2 44. Re7+ Kf6 45. Re1 Rxb2+ 46. Ka1 Rf2 47. Bd5 Be5 48. Kb1 Rb2+ 49. Ka1 Rd2 50. Rf1+ Bf4 51. Be4 c2 52. Kb2 Rd1 53. Rxf4+ gxf4 54. Bxc2 Rg1 55. Be4 Ke5 56. Bb7 a5 57. Bc6 b4 58. axb4 axb4 59. Kb3 Kd6 60. Be4 c5 61. Kc4 Rc1+ 62. Kb3 Rc3+ 63. Kb2 f3 64. Bf5 f2 0-1

[Event "NATO-ch 27th"]
[Site "Shrivenham"]
[Date "2016.08.25"]
[Round "5"]
[White "Papler, Peter"]
[Black "Legare, Gilles"]
[Result "1-0"]
[WhiteElo "1622"]
[BlackElo "1047"]
[PlyCount "89"]
[EventDate "2016.08.22"]
[EventType "swiss"]
[EventRounds "7"]
[EventCountry "ENG"]
[SourceTitle "EXT 2018"]
[Source "ChessBase"]
[SourceDate "2017.10.13"]
[SourceVersion "1"]
[SourceVersionDate "2017.10.13"]
[SourceQuality "1"]

1. d4 Nf6 2. Nf3 e6 3. c3 d5 4. Bg5 Be7 5. h3 b6 6. e3 Bb7 7. Bd3 Ba6 8. Bxa6 Nxa6 9. Qa4+ Nd7 10. Bxe7 Qxe7 11. Qxa6 0-0 12. Nbd2 Nf6 13. 0-0 Qe8 14. Rfe1 Ne4 15. Rac1 Nd6 16. e4 c6 17. Qd3 Qd8 18. Ne5 Rc8 19. Qg3 Ne8 20. Nd3 Nf6 21. e5 Ne8 22. Qg4 g6 23. Re3 Ng7 24. Rce1 h5 25. Qd1 h4 26. Qg4 Nf5 27. R3e2 Kg7 28. Nf1 Rh8 29. Nf4 Nh6 30. Qf3 Nf5 31. Ne3 Nh6 32. Ng4 Qg5 33. Nxh6 Rxh6 34. Qg4 Qxg4 35. hxg4 Rch8 36. Re3 Kf8 37. Rf3 Ke8 38. Nh3 Rf8 39. Ree3 Rg8 40. Ng5 Rf8 41. Rf6 Ke7 42. Ref3 h3 43. gxh3 Ke8 44. Nxe6 Rh7 45. Nxf8 1-0

[Event "NATO-ch 27th"]
[Site "Shrivenham"]
[Date "2016.08.24"]
[Round "4"]
[White "Legare, Gilles"]
[Black "Chapman, Chas"]
[Result "1-0"]
[WhiteElo "1047"]
[BlackElo "1435"]
[PlyCount "133"]
[EventDate "2016.08.22"]
[EventType "swiss"]
[EventRounds "7"]
[EventCountry "ENG"]
[SourceTitle "EXT 2018"]
[Source "ChessBase"]
[SourceDate "2017.10.13"]
[SourceVersion "1"]
[SourceVersionDate "2017.10.13"]
[SourceQuality "1"]

1. e4 c5 2. c4 d6 3. Nc3 g6 4. Nf3 Bg7 5. d3 Nc6 6. Bd2 Nf6 7. Be2 0-0 8. 0-0 a6 9. Qc1 Qc7 10. Bh6 Bg4 11. Bxg7 Kxg7 12. h3 Bxf3 13. Bxf3 Nd4 14. Qd1 Rab8 15. Nd5 Nxd5 16. exd5 b5 17. b3 Rfe8 18. h4 e5 19. g3 Re7 20. Bg2 Rbe8 21. h5 Qc8 22. Qd2 Qg4 23. Qd1 Ne2+ 24. Kh2 Qxh5+ 25. Bh3 Nd4 26. g4 Qg5 27. Rg1 Qf4+ 28. Rg3 Qxf2+ 29. Bg2 Kh8 30. g5 Nf5 31. Rh3 Qf4+ 32. Kg1 Qxg5 33. Qe1 Qf6 34. Qe4 Qg7 35. Rf1 Nd4 36. Qh4 f5 37. Qg5 b4 38. Re1 a5 39. Ree3 Ra7 40. Rh4 Ree7 41. Reh3 Qg8 42. Qf6+ Rg7 43. Rh6 Raf7 44. Qg5 Ne2+ 45. Kh1 Nf4 46. Rh2 Nxg2 47. Rxg2 a4 48. bxa4 Ra7 49. Qf6 Qf7 50. Qxd6 e4 51. Qxc5 Rxa4 52. Qb5 Ra3 53. Qxb4 Rxd3 54. Kh2 Qc7+ 55. Kh1 Rd1+ 56. Rg1 Rxg1+ 57. Kxg1 f4 58. d6 Qc6 59. c5 Rf7 60. Rh4 e3 61. Qb8+ Kg7 62. Qb2+ Kg8 63. Qb3 g5 64. Rh6 Kg7 65. Re6 Qxc5 66. Qb2+ Kf8 67. Qh8# 1-0

[Event "Gatineau Eveil Printanier U1500"]
[Site "Gatineau"]
[Date "2016.03.29"]
[Round "5"]
[White "Legare, Gilles"]
[Black "Arcand, Pierre"]
[Result "0-1"]
[WhiteElo "1035"]
[BlackElo "1062"]
[PlyCount "100"]
[EventDate "2016.03.01"]
[EventType "swiss"]
[EventRounds "5"]
[EventCountry "CAN"]
[SourceTitle "EXT 2022"]
[Source "ChessBase"]
[SourceDate "2021.10.06"]
[SourceVersion "1"]
[SourceVersionDate "2021.10.06"]
[SourceQuality "1"]

1. e4 e5 2. Nf3 Nc6 3. Nc3 Nf6 4. Bc4 Be7 5. d4 exd4 6. Nxd4 Nxd4 7. Qxd4 0-0 8. Qd3 Nh5 9. Be3 Bg5 10. 0-0-0 Nf4 11. Bxf4 Bxf4+ 12. Kb1 c6 13. g3 Be5 14. f4 Bxc3 15. Qxc3 b5 16. Bb3 a5 17. a3 a4 18. Ba2 Qe7 19. Qe5 Qxe5 20. fxe5 Rb8 21. Rhf1 b4 22. axb4 Rxb4 23. c3 Rxe4 24. Rd4 Rxd4 25. cxd4 Ba6 26. Rc1 Rb8 27. Bc4 Bxc4 28. Rxc4 a3 29. Rc2 Rxb2+ 30. Rxb2 axb2 31. Kxb2 Kf8 32. Kc3 Ke7 33. h4 d6 34. exd6+ Kxd6 35. Kd3 f5 36. Ke3 Kd5 37. h5 g6 38. h6 g5 39. Kd3 f4 40. gxf4 gxf4 41. Ke2 Kxd4 42. Kf3 c5 43. Kxf4 c4 44. Kg5 c3 45. Kf6 c2 46. Kg7 c1Q 47. Kxh7 Ke5 48. Kg7 Qg1+ 49. Kh8 Qa7 50. h7 Kf6 0-1

[Event "Gatineau Eveil Printanier U1500"]
[Site "Gatineau"]
[Date "2016.03.01"]
[Round "3"]
[White "Clermont, Yves"]
[Black "Legare, Gilles"]
[Result "1-0"]
[WhiteElo "1120"]
[BlackElo "1035"]
[PlyCount "99"]
[EventDate "2016.03.01"]
[EventType "swiss"]
[EventRounds "5"]
[EventCountry "CAN"]
[SourceTitle "EXT 2022"]
[Source "ChessBase"]
[SourceDate "2021.10.06"]
[SourceVersion "1"]
[SourceVersionDate "2021.10.06"]
[SourceQuality "1"]

1. d4 d5 2. c4 e6 3. Nc3 Bb4 4. Bd2 Bxc3 5. Bxc3 Nf6 6. e3 a5 7. Nf3 0-0 8. Bd3 b6 9. 0-0 Ba6 10. Qa4 Bxc4 11. Bxc4 dxc4 12. Qxc4 Ne4 13. Rac1 Nd7 14. b4 a4 15. Ba1 Rc8 16. d5 e5 17. Qxe4 Nf6 18. Qxe5 Qd6 19. Qxd6 cxd6 20. Nd4 Nxd5 21. Rc6 Nxb4 22. Rxb6 Nxa2 23. Rfb1 Rc1+ 24. Rxc1 Nxc1 25. Rxd6 Nb3 26. Nxb3 axb3 27. Rb6 Rd8 28. Bd4 Rc8 29. g3 h5 30. Rxb3 Kh7 31. Kg2 Rc6 32. Rb6 Rc7 33. f4 f5 34. Kf3 g6 35. h3 Kh6 36. g4 Rf7 37. g5+ Kh7 38. Ra6 Kg8 39. Ke2 Kh7 40. Kd3 Rb7 41. e4 Rb3+ 42. Kc4 Rxh3 43. e5 Rf3 44. e6 Rxf4 45. e7 Re4 46. Ra7 Kg8 47. Kd5 Kf7 48. Bc5 Ke8 49. Ra8+ Kd7 50. Rd8+ 1-0

[Event "Gatineau Aylmer CC Hiver"]
[Site "Gatineau"]
[Date "2016.02.05"]
[Round "5"]
[White "Georges, Richard"]
[Black "Legare, Gilles"]
[Result "1-0"]
[WhiteElo "1492"]
[BlackElo "1049"]
[PlyCount "71"]
[EventDate "2016.01.08"]
[EventType "swiss"]
[EventRounds "6"]
[EventCountry "CAN"]
[SourceTitle "EXT 2022"]
[Source "ChessBase"]
[SourceDate "2021.10.06"]
[SourceVersion "1"]
[SourceVersionDate "2021.10.06"]
[SourceQuality "1"]

1. d4 Nf6 2. c4 d5 3. Nc3 e6 4. Bg5 Bb4 5. Qc2 h6 6. Bh4 c5 7. Bxf6 Qxf6 8. a3 Bxc3+ 9. bxc3 dxc4 10. Nf3 cxd4 11. e3 dxc3 12. Bxc4 Nc6 13. 0-0 Ne5 14. Nxe5 Qxe5 15. Rac1 b5 16. Qxc3 Qxc3 17. Bxb5+ Bd7 18. Bxd7+ Kxd7 19. Rxc3 Rac8 20. Rd1+ Ke7 21. Rdd3 a5 22. g3 a4 23. Rxc8 Rxc8 24. Rd4 Ra8 25. f4 Ra5 26. Kf2 e5 27. fxe5 Ke6 28. Re4 g5 29. h3 Kd5 30. Kf3 h5 31. h4 Ke6 32. hxg5 Rxe5 33. Rxa4 Rf5+ 34. Rf4 Ra5 35. a4 f6 36. Rb4 1-0

[Event "Gatineau Aylmer CC Hiver"]
[Site "Gatineau"]
[Date "2016.01.29"]
[Round "4"]
[White "Legare, Gilles"]
[Black "Brunet, Marc Antoine"]
[Result "1-0"]
[WhiteElo "1049"]
[BlackElo "1106"]
[PlyCount "67"]
[EventDate "2016.01.08"]
[EventType "swiss"]
[EventRounds "6"]
[EventCountry "CAN"]
[SourceTitle "EXT 2022"]
[Source "ChessBase"]
[SourceDate "2021.10.06"]
[SourceVersion "1"]
[SourceVersionDate "2021.10.06"]
[SourceQuality "1"]

1. e4 e5 2. Nc3 Nf6 3. a3 Nc6 4. Nf3 d6 5. Bc4 Bg4 6. d3 Nd4 7. Be3 Be7 8. Qd2 Nxf3+ 9. gxf3 Bxf3 10. Rg1 g6 11. Rg3 Bg4 12. f3 Bd7 13. h3 Ng8 14. 0-0-0 Bh4 15. Bg5 Bxg5 16. Rxg5 Bxh3 17. Rg3 Qh4 18. Qh2 Qf4+ 19. Kb1 Bd7 20. Nd5 0-0-0 21. Nxf4 Nf6 22. Bxf7 exf4 23. Rg2 Nh5 24. Qh4 Rdf8 25. Bb3 Rf6 26. Rg5 Ng3 27. Ra5 Rff8 28. Rxa7 b6 29. Qg5 Kb8 30. Qe7 Kxa7 31. Qxd7 Rc8 32. Bd5 Rcd8 33. Qc6 Ne2 34. Qb7# 1-0

[Event "Gatineau Nouvel An U1500"]
[Site "Gatineau"]
[Date "2016.01.19"]
[Round "3"]
[White "Arcand, Pierre"]
[Black "Legare, Gilles"]
[Result "0-1"]
[WhiteElo "1102"]
[BlackElo "1071"]
[PlyCount "108"]
[EventDate "2016.01.05"]
[EventType "swiss"]
[EventRounds "5"]
[EventCountry "CAN"]
[SourceTitle "EXT 2022"]
[Source "ChessBase"]
[SourceDate "2021.10.06"]
[SourceVersion "1"]
[SourceVersionDate "2021.10.06"]
[SourceQuality "1"]

1. e4 c5 2. Nf3 Nc6 3. Nc3 e6 4. Be2 Nd4 5. Nxd4 cxd4 6. Nb5 e5 7. 0-0 Bc5 8. b3 Nf6 9. d3 a6 10. Ba3 Qb6 11. Bxc5 Qxb5 12. Bd6 Qc6 13. Bb4 d6 14. Qd2 0-0 15. c3 a5 16. Ba3 Bg4 17. cxd4 Rfe8 18. Rac1 Qd7 19. Bxg4 Nxg4 20. h3 Nf6 21. d5 b5 22. b4 a4 23. Rc6 Nh5 24. Rfc1 Rac8 25. Rxc8 Rxc8 26. Rxc8+ Qxc8 27. d4 Qc4 28. dxe5 Qxe4 29. Qc1 g6 30. exd6 Nf4 31. Qf1 Qxd5 32. Bc1 Ne6 33. a3 Qxd6 34. Bb2 Qc6 35. Qc1 Qxc1+ 36. Bxc1 h5 37. h4 Nd4 38. Bb2 Nf5 39. g3 Nd6 40. Kg2 f5 41. f4 Kf7 42. Kf3 Ke6 43. Ke2 Kd5 44. Kd3 Ke6 45. Ke2 Nc4 46. Bc1 Kd5 47. Kd3 Nd6 48. Be3 Ne4 49. Kc2 Nxg3 50. Bf2 Ne4 51. Be3 Kc4 52. Bc1 Kd4 53. Bd2 Nxd2 54. Kxd2 Ke4 0-1

[Event "Gatineau Aylmer CC Hiver"]
[Site "Gatineau"]
[Date "2016.01.08"]
[Round "1"]
[White "Legare, Gilles"]
[Black "Sass, Andrew"]
[Result "0-1"]
[WhiteElo "1049"]
[BlackElo "1381"]
[PlyCount "89"]
[EventDate "2016.01.08"]
[EventType "swiss"]
[EventRounds "6"]
[EventCountry "CAN"]
[SourceTitle "EXT 2022"]
[Source "ChessBase"]
[SourceDate "2021.10.06"]
[SourceVersion "1"]
[SourceVersionDate "2021.10.06"]
[SourceQuality "1"]

1. e4 c5 2. d3 e6 3. Nf3 Nc6 4. c3 b5 5. Bd2 Bb7 6. Be2 Qc7 7. 0-0 Bd6 8. g3 Qb6 9. Be3 Nge7 10. b4 a5 11. bxc5 Bxc5 12. d4 Qc7 13. dxc5 b4 14. Qd6 Qd8 15. Bd3 Nc8 16. Qf4 h6 17. Ne5 Nxe5 18. Qxe5 0-0 19. Qf4 d6 20. Qg4 Kh8 21. Qh5 dxc5 22. Qf3 Qxd3 23. Rd1 Qb5 24. a4 Qc6 25. Rc1 b3 26. Ra3 c4 27. Nd2 Nb6 28. Bxb6 Qxb6 29. Nxc4 Qc5 30. Rxb3 Ba6 31. Ne3 Qc6 32. c4 f5 33. c5 fxe4 34. Qd1 Rad8 35. Qe1 Rd3 36. Rb6 Qc8 37. Qxa5 Qa8 38. Rxa6 Qe8 39. c6 Qf7 40. Rf1 Rxe3 41. Qc5 Rd3 42. c7 Rc8 43. Rb6 Rxc7 44. Rb8+ Kh7 45. Qg5 0-1

[Event "Gatineau Equipes"]
[Site "Gatineau"]
[Date "2015.10.27"]
[Round "2"]
[White "Arcand, Pierre"]
[Black "Legare, Gilles"]
[Result "1-0"]
[WhiteElo "1089"]
[BlackElo "1052"]
[PlyCount "95"]
[EventDate "2015.10.20"]
[EventType "team-swiss"]
[EventRounds "3"]
[EventCountry "CAN"]
[SourceTitle "EXT 2022"]
[Source "ChessBase"]
[SourceDate "2021.10.06"]
[SourceVersion "1"]
[SourceVersionDate "2021.10.06"]
[SourceQuality "1"]

1. e4 c5 2. Bb5 a6 3. Bc4 Nc6 4. Ne2 b5 5. Bd5 e6 6. Bxc6 dxc6 7. 0-0 e5 8. d3 Be7 9. Ng3 Nf6 10. Nf5 0-0 11. Nxe7+ Qxe7 12. Bg5 Qd6 13. Nd2 Bg4 14. Nf3 Bh5 15. Bxf6 Qxf6 16. h3 h6 17. g4 Bg6 18. Nh2 Qd6 19. Qf3 Rae8 20. a4 b4 21. b3 a5 22. Qe3 Re6 23. f4 exf4 24. Qxf4 Qd4+ 25. Kg2 Qc3 26. Rac1 Rf6 27. Qe3 Qe5 28. Rxf6 gxf6 29. Rf1 Kg7 30. Nf3 Qc3 31. Rf2 h5 32. g5 f5 33. Nh4 Bh7 34. Nxf5+ Bxf5 35. exf5 Qd4 36. Qxd4+ cxd4 37. f6+ Kg6 38. h4 Re8 39. Kg3 c5 40. Kg2 Re5 41. Kg3 Rf5 42. Rxf5 Kxf5 43. Kf3 Kg6 44. Kf4 Kh7 45. Kf5 Kg8 46. g6 fxg6+ 47. Kxg6 Kf8 48. f7 1-0

[Event "Gatineau Hull CC 35 Ann U1500"]
[Site "Gatineau"]
[Date "2015.09.21"]
[Round "2"]
[White "Simard, Paul"]
[Black "Legare, Gilles"]
[Result "1-0"]
[WhiteElo "1207"]
[BlackElo "1040"]
[PlyCount "97"]
[EventDate "2015.09.15"]
[EventType "swiss"]
[EventRounds "5"]
[EventCountry "CAN"]
[SourceTitle "EXT 2022"]
[Source "ChessBase"]
[SourceDate "2021.10.06"]
[SourceVersion "1"]
[SourceVersionDate "2021.10.06"]
[SourceQuality "1"]

1. f4 b6 2. Nf3 Nf6 3. b3 e6 4. e3 Bb7 5. Bb2 d6 6. Be2 c6 7. c4 Be7 8. 0-0 c5 9. Nc3 a6 10. a4 Nbd7 11. Qc2 Qc7 12. Ng5 h6 13. Nge4 0-0-0 14. Bf3 h5 15. Ng5 Rhf8 16. Nce4 h4 17. h3 g6 18. Nf2 Bxf3 19. Nxf3 Nh5 20. Ng4 f5 21. Nh6 Bf6 22. Ng5 Bxg5 23. fxg5 Ne5 24. Bxe5 dxe5 25. Rf2 Ng3 26. d3 Qd6 27. Rd1 Qe7 28. Qc3 Qd6 29. Rdd2 Qc7 30. e4 f4 31. Ng4 Rd4 32. Nh2 Qe7 33. Nf3 Nxe4 34. dxe4 Rxe4 35. Nxe5 Qxg5 36. Nd7 Re1+ 37. Rf1 Rxf1+ 38. Kxf1 Qf5 39. Nxb6+ Kc7 40. Nd7 Kc6 41. Nxf8 Qxf8 42. Qf3+ Kb6 43. Kg1 g5 44. Rd7 Qb8 45. Qg4 Qe5 46. Qd1 Qe3+ 47. Kf1 Ka5 48. Rb7 Qd4 49. Qe1+ 1-0

[Event "CEH-ch Releve II"]
[Site "Gatineau"]
[Date "2015.04.28"]
[Round "4"]
[White "Simard, Paul"]
[Black "Legare, Gilles"]
[Result "1-0"]
[WhiteElo "1111"]
[BlackElo "1094"]
[PlyCount "87"]
[EventDate "2015.04.07"]
[EventType "swiss"]
[EventRounds "6"]
[EventCountry "CAN"]
[SourceTitle "EXT 2016"]
[Source "ChessBase"]
[SourceDate "2015.10.08"]
[SourceVersion "1"]
[SourceVersionDate "2015.10.08"]
[SourceQuality "1"]

1. f4 b6 2. e3 Ba6 3. Bxa6 Nxa6 4. Nf3 e6 5. b3 Be7 6. Bb2 Bf6 7. Nc3 Ne7 8. 0-0 Nf5 9. Qe2 Nc5 10. Rab1 0-0 11. g4 Nd6 12. g5 Be7 13. Ne5 f6 14. gxf6 Bxf6 15. Nb5 Qb8 16. b4 Bxe5 17. Bxe5 Nce4 18. Nc3 Nf6 19. Rf3 Nf5 20. Rh3 Qe8 21. Kh1 d6 22. Bxf6 Rxf6 23. Ne4 Rh6 24. Ng5 Rxh3 25. Nxh3 Qc6+ 26. e4 Nd4 27. Qg4 Qxe4+ 28. Qg2 Qxg2+ 29. Kxg2 Rf8 30. c3 Nf5 31. Ng5 Rf6 32. Re1 Rg6 33. Rxe6 Nh4+ 34. Kh3 Rxe6 35. Nxe6 Nf3 36. Nxc7 Nxd2 37. Nb5 d5 38. Nxa7 Ne4 39. Nb5 h5 40. a4 Nf6 41. a5 Ng4 42. a6 Nf2+ 43. Kh4 g5+ 44. fxg5 1-0